Housing markets and racial discrimination: a microeconomic analysis (Record no. 371041)
[ view plain ]
| 000 -LEADER | |
|---|---|
| fixed length control field | 00520cam a22001457a 4500 |
| 008 - FIXED-LENGTH DATA ELEMENTS--GENERAL INFORMATION | |
| fixed length control field | 180718b1975 xxu||||| |||| 00| 0 eng d |
| 082 ## - DEWEY DECIMAL CLASSIFICATION NUMBER | |
| Classification number | XA31x763 K123 |
| 100 ## - MAIN ENTRY--PERSONAL NAME | |
| Personal name | Kain, John F. |
| 245 ## - TITLE STATEMENT | |
| Title | Housing markets and racial discrimination: a microeconomic analysis |
| Statement of responsibility, etc. | by John F. Kain and John M. Quigley |
| 260 ## - PUBLICATION, DISTRIBUTION, ETC. | |
| Place of publication, distribution, etc. | New York |
| Name of publisher, distributor, etc. | National Bureau of Economic Research |
| Date of publication, distribution, etc. | 1975 |
| 300 ## - PHYSICAL DESCRIPTION | |
| Extent | 393p. |
| 440 ## - SERIES STATEMENT/ADDED ENTRY--TITLE | |
| Title | NBER urban and regional studies, no.3 |
| 650 ## - SUBJECT ADDED ENTRY--TOPICAL TERM | |
| Topical term or geographic name entry element | Housing - Race Segregation - U.S.A. |
| 700 ## - ADDED ENTRY--PERSONAL NAME | |
| Personal name | Quigley, John M. |
No items available.
